000 00557nam a2200181Ia 4500
008 090123s9999 xx 000 0 und d
082 _b16447
100 _aनंदा गुलशन
245 _aसुखे पेड सब्ज पत्ते
250 _a0
260 _bअशोक
300 _a238
600 _aनंदा गुलशन
630 _aसुखे पेड सब्ज पत्ते
700 _aनंदा गुलशन
730 _aसुखे पेड सब्ज पत्ते
942 _cBOOK
999 _c54512
_d54512